Znásilňovanie verejnoprávnosti v STV

Bibliographic Details
Main Author: Behúnová, Alena (Author)
Format: Article
Language:Slovak
PhysicalDescription:Fotogr.
ISSN:1335-468X
Subjects:

MARC

LEADER 00000nab a2200000 ar4500
001 vtls008955023
003 SK-MaSNL
005 20260303070334.0
008 070314c2007 xo wr|p|||||||000 b|slo
015 |a SNBRB2007/03  |2 snkbucl 
040 |a SNKBUCL  |b slo  |c SNKBUCL  |e AACR2 
041 0 |a slo 
044 |a xo  |c SK 
080 |a 7.097  |x (437.6)  |2 2001 
100 1 |a Behúnová, Alena  |4 aut  |9 1026644 
245 1 0 |a Znásilňovanie verejnoprávnosti v STV  |c Alena Behúnová 
300 |b Fotogr. 
600 1 7 |a Hríb, Štefan,  |d 1965-  |2 snkbucl 
630 0 7 |a Pod lampou (televízna relácia)  |2 snkbucl  |9 1067650 
655 7 |a kritiky  |2 snkbucl  |9 28608 
773 0 |t Slovo : spoločensko-politický týždenník  |g Roč. IX, č. 3 (2007), s. 3  |x 1335-468X 
852 |a SNK  |b KIS3GCP 
958 |a SK 
999 |c 1754945  |d 1756875